Deux empereurs (1870-1871) / (Record no. 167970)

MARC details
000 -LEADER
campo de control de longitud fija 00747nam a22002175i 4500
001 - NÚMERO DE CONTROL
campo de control 167970
003 - IDENTIFICADOR DE NÚMERO DE CONTROL
campo de control ES-MaACL
005 - FECHA Y HORA DE LA ÚLTIMA TRANSACCIÓN
campo de control 20250626063215.0
008 - DATOS DE LONGITUD FIJA--INFORMACIÓN GENERAL
campo de control de longitud fija 920617s1871 be |||| | fre d
040 ## - FUENTE DE CATALOGACIÓN
Centro catalogador/agencia de origen CAT
Lengua de catalogación spa
Centro/agencia transcriptor CAT
Centro/agencia modificador CCPB
100 1# - ENTRADA PRINCIPAL--NOMBRE DE PERSONA
Nombre de persona Wolff, Albert,
Fechas asociadas al nombre 1835-1891
9 (RLIN) 133956
245 10 - MENCIÓN DEL TÍTULO
Título Deux empereurs (1870-1871) /
Mención de responsabilidad, etc. Albert Wolff.
260 ## - PUBLICACIÓN, DISTRIBUCIÓN, ETC.
Lugar de publicación, distribución, etc. Bruxelles :
Nombre del editor, distribuidor, etc. A.-N. Lebégue et Ce,
Fecha de publicación, distribución, etc. 1871.
300 ## - DESCRIPCIÓN FÍSICA
Extensión 366 p. ;
Dimensiones 18 cm.
600 04 - PUNTO DE ACCESO ADICIONAL DE MATERIA--NOMBRE DE PERSONA
Nombre de persona Guillermo
Numeración I
Títulos y otros términos asociados al nombre Emperador alemán (
Fechas asociadas al nombre 1797-1888)
9 (RLIN) 127625
600 04 - PUNTO DE ACCESO ADICIONAL DE MATERIA--NOMBRE DE PERSONA
Nombre de persona Napoleón
Numeración III
Títulos y otros términos asociados al nombre Emperador de Francia.
9 (RLIN) 84912
650 #4 - PUNTO DE ACCESO ADICIONAL DE MATERIA--TÉRMINO DE MATERIA
Término de materia o nombre geográfico como elemento de entrada Emperadores-
Subdivisión general Biografías.
9 (RLIN) 135974
700 1# - ENTRADA AGREGADA--NOMBRE PERSONAL
Nombre de persona Lebègue, A.-N., et Cie.
9 (RLIN) 128811
852 ## - LOCALIZACIÓN
Ubicación ES-MaACL
Número de control de estantería G-11091
Nota libre -- Enc. tela
Holdings
Estatus retirado Estado de pérdida Estado de daño No para préstamo Colección Biblioteca de origen Biblioteca actual Ubicación en estantería Fecha de adquisición Fuente de adquisición Total de préstamos Signatura topográfica completa Código de barras Visto por última vez Precio de reemplazo Tipo de ítem Koha
        Libros del s. XIX Biblioteca del Ateneo de Madrid Biblioteca del Ateneo de Madrid Sala Pecera Planta 3 17/01/2008     G-11091 1176219 23/02/2023 23/02/2023 Libro impreso antiguo